Filosofía del derecho

Gardado en:
Detalles Bibliográficos
Autor Principal: Batiffol, Henri (Author)
Formato: Libro
Idioma:Lingua castelá
Publicado: Buenos Aires EUDEBA 1972
Edición:2a. ed
Series:Biblioteca Cultural. Cuadernos, 118
Subjects:
Tags: Engadir etiqueta
Sen Etiquetas, Sexa o primeiro en etiquetar este rexistro!

MARC

LEADER 00000nam a2200000 a 4500
001 UCT8936
003 CL-VaPUC
008 970326e19720000AG |||||||||||||||||spa|d
082 0 4 |a 340.1  |b BAT  |2 21 
100 0 |a Batiffol, Henri  |e author  |9 381213 
245 1 0 |a Filosofía del derecho 
250 |a 2a. ed 
300 |a 118 p 
942 |c BK 
945 |d 19970326 00:00:00  |a lriquelm 
260 |a Buenos Aires  |b EUDEBA  |c 1972 
650 0 |a Filosofía del derecho   |9 255050 
650 0 |a Positivismo  |9 269460 
650 0 |a Derecho natural   |9 255041 
650 0 |a Valor ético   |9 381214 
650 0 |a Sociología del derecho  |9 254890 
583 |a last modification  |c 19970326 00:00:00  |k Rodrigo Vera 
490 0 |a Biblioteca Cultural. Cuadernos, 118 
999 |c 257408  |d 257406 
952 |0 0  |1 0  |4 0  |6 340_100000000000000_BAT_1972  |7 0  |8 A  |9 280848  |a BIBDER  |b BIBDER  |d 2019-11-19  |i 1816543  |o 340.1 BAT 1972  |p 1816543  |r 2023-01-25  |w 2019-11-19  |y BK  |k DER 
952 |0 0  |1 0  |4 0  |6 340_100000000000000_BAT_1972  |7 0  |8 DER_TF  |9 280849  |a BIBDER  |b BIBDER  |d 2019-11-19  |i 1884352  |l 1  |o 340.1 BAT 1972  |p 1884352  |r 2023-01-25  |s 2020-03-17  |w 2019-11-19  |x Ubicación 4to Piso  |y BK  |z Estos recursos deben solicitarse con anticipación  |k DER